[Event "Ste-Foy - Euwe"]
[Site "Ste-Foy CAN"]
[Date "2018.01.20"]
[Round "2"]
[White "Foucreault, Laurent"]
[Black "Sauve, Richard"]
[Result "0-1"]
[WhiteElo "1499"]
[BlackElo "1919"]
[PlyCount "103"]
[EventDate "2018.01.13"]
[EventType "swiss"]
[EventRounds "5"]
[EventCountry "CAN"]

1. d4 d5 2. Bf4 Nf6 3. e3 c5 4. c3 Qb6 5. Qb3 c4 6. Qc2 g6 7. Nf3 Bf5 8. Qc1
Nc6 9. Be2 Bg7 10. h3 O-O 11. Nbd2 Qd8 12. b3 cxb3 13. axb3 Rc8 14. O-O a6 15.
Nh4 Qd7 16. Nxf5 Qxf5 17. Qb1 Qd7 18. b4 Qf5 19. Bd3 Qd7 20. b5 axb5 21. Bxb5
Nh5 22. Bh2 Rfe8 23. Nf3 e6 24. Ra4 Ra8 25. Qb3 Rxa4 26. Qxa4 Qc8 27. Ra1 Rd8
28. Rb1 Nf6 29. Bxc6 Qxc6 30. Qxc6 bxc6 31. Rb8 Rxb8 32. Bxb8 Ne4 33. Ne5 Bxe5
34. Bxe5 Nxc3 35. Bd6 f6 36. Kf1 Kf7 37. f4 Ke8 38. h4 Ne4 39. Bb4 Ng3+ 40. Kf2
Nf5 41. g3 Kd7 42. Bc5 Nd6 43. Ke2 Ne4 44. g4 Nxc5 45. dxc5 e5 46. g5 exf4 47.
gxf6 fxe3 48. Kxe3 Ke6 49. Kd4 Kxf6 50. Ke3 g5 51. hxg5+ Kxg5 52. Kd4 0-1

[Event "Ste-Foy - Euwe"]
[Site "Ste-Foy CAN"]
[Date "2018.01.20"]
[Round "2"]
[White "Sarra-Bournet, Marc"]
[Black "Lessard, Claude"]
[Result "0-1"]
[WhiteElo "1851"]
[BlackElo "2152"]
[PlyCount "68"]
[EventDate "2018.01.13"]
[EventType "swiss"]
[EventRounds "5"]
[EventCountry "CAN"]

1. e4 c6 2. d4 d5 3. Nc3 dxe4 4. Nxe4 Nf6 5. Nxf6+ gxf6 6. Nf3 h5 7. Be2 h4 8.
h3 Bf5 9. Bf4 e6 10. Qd2 Bd6 11. O-O-O Qc7 12. Bxd6 Qxd6 13. Qe3 Nd7 14. d5
cxd5 15. Nd4 Bg6 16. Nb5 Qc6 17. c4 a6 18. Qa3 Nc5 19. Nd4 Qc7 20. g3 Ne4 21.
Nb5 Qe7 22. Qa5 O-O 23. Nd4 hxg3 24. h4 Nxf2 25. Rhg1 Nxd1 26. Kxd1 Qd6 27. h5
dxc4 28. Qd2 Rfd8 29. hxg6 Qxd4 30. gxf7+ Kxf7 31. Bh5+ Ke7 32. Qxd4 Rxd4+ 33.
Kc2 Rg8 34. Kc3 e5 0-1

[Event "Ste-Foy - Euwe"]
[Site "Ste-Foy CAN"]
[Date "2018.01.27"]
[Round "3"]
[White "Bernatchez, Dan"]
[Black "Dube, Daniel"]
[Result "1/2-1/2"]
[WhiteElo "1921"]
[BlackElo "1916"]
[PlyCount "28"]
[EventDate "2018.01.13"]
[EventType "swiss"]
[EventRounds "5"]
[EventCountry "CAN"]

1. d4 Nf6 2. Nf3 e6 3. g3 d5 4. Bg2 Be7 5. O-O O-O 6. c4 dxc4 7. Ne5 Nc6 8.
Nxc6 bxc6 9. Bxc6 Rb8 10. Bg2 Bb7 11. Bxb7 Rxb7 12. e3 c5 13. Na3 cxd4 14. Nxc4
dxe3 1/2-1/2

[Event "Ste-Foy - Euwe"]
[Site "Ste-Foy CAN"]
[Date "2018.01.27"]
[Round "3"]
[White "Fecteau, Martin"]
[Black "Sauve, Richard"]
[Result "1/2-1/2"]
[WhiteElo "1993"]
[BlackElo "1919"]
[PlyCount "70"]
[EventDate "2018.01.13"]
[EventType "swiss"]
[EventRounds "5"]
[EventCountry "CAN"]

1. Nf3 d5 2. d4 e6 3. c4 c6 4. g3 Bd6 5. Nbd2 f5 6. Bg2 Nf6 7. Ne5 O-O 8. Ndf3
b6 9. O-O Bb7 10. cxd5 cxd5 11. Ng5 Qe7 12. h4 Nbd7 13. Nxd7 Qxd7 14. Nh3 Rac8
15. Bf4 Rc7 16. Rc1 Rxc1 17. Qxc1 Rc8 18. Qd2 Ne4 19. Bxe4 dxe4 20. Rd1 Bd5 21.
b3 Bxf4 22. Nxf4 Qc7 23. e3 Qc2 24. Kh2 Kf7 25. h5 g5 26. hxg6+ hxg6 27. Kg1 g5
28. Nxd5 exd5 29. Kf1 Qc6 30. Kg2 g4 31. Rh1 a5 32. Rd1 Qc2 33. Kf1 Qc6 34. Kg2
Qc2 35. Kf1 Qc6 1/2-1/2

[Event "Ste-Foy - Euwe"]
[Site "Ste-Foy CAN"]
[Date "2018.01.27"]
[Round "3"]
[White "Laflamme, Simon"]
[Black "Chouinard, Etienne"]
[Result "1-0"]
[WhiteElo "1938"]
[BlackElo "1906"]
[PlyCount "51"]
[EventDate "2018.01.13"]
[EventType "swiss"]
[EventRounds "5"]
[EventCountry "CAN"]

1. d4 Nf6 2. c4 g6 3. Nc3 d6 4. e4 Bg7 5. Be2 O-O 6. Bg5 c5 7. d5 h6 8. Be3
Nbd7 9. Nf3 Ng4 10. Bd2 Nge5 11. Nxe5 Nxe5 12. f4 Nd7 13. O-O Kh7 14. Bd3 Rh8
15. Qf3 Qe8 16. Rae1 Kg8 17. Nb5 Qf8 18. Bc3 Bxc3 19. Nxc3 Qg7 20. e5 dxe5 21.
fxe5 Nf8 22. d6 e6 23. Nb5 Rh7 24. Nc7 Rb8 25. Ne8 Qh8 26. Nf6+ 1-0

[Event "Ste-Foy - Euwe"]
[Site "Ste-Foy CAN"]
[Date "2018.01.27"]
[Round "3"]
[White "Lessard, Claude"]
[Black "Desbiens, Raphael"]
[Result "1-0"]
[WhiteElo "2152"]
[BlackElo "1978"]
[PlyCount "105"]
[EventDate "2018.01.13"]
[EventType "swiss"]
[EventRounds "5"]
[EventCountry "CAN"]

1. d4 Nf6 2. c4 g6 3. Nc3 Bg7 4. e4 d6 5. Nf3 O-O 6. Be2 e5 7. dxe5 dxe5 8. Bg5
Nbd7 9. Qc2 c6 10. O-O Qe7 11. a3 Nc5 12. Be3 Nh5 13. b4 Ne6 14. Rfd1 Nef4 15.
Bc5 Qf6 16. Bxf8 Bxf8 17. Ne1 Ng7 18. Bf1 Nge6 19. Nf3 g5 20. g3 Nh3+ 21. Bxh3
Qxf3 22. Qd3 Qh5 23. Bf5 g4 24. Bxe6 Bxe6 25. Qe2 Qg6 26. Na4 b5 27. cxb5 Bb3
28. Nc3 Bxd1 29. Rxd1 cxb5 30. Qxb5 Rc8 31. Nd5 Kg7 32. Qd3 Rd8 33. Rc1 h5 34.
Rc7 a6 35. Qc2 Rd6 36. Ne3 Rf6 37. Nf5+ Kh7 38. Rc8 Bg7 39. Qd3 Rc6 40. Ne7 Qd6
41. Qxd6 Rxd6 42. Rc6 Rd1+ 43. Kg2 Bf8 44. Nf5 a5 45. bxa5 Ra1 46. a6 Rxa3 47.
h3 Ra4 48. hxg4 hxg4 49. Ne3 Kg7 50. Nc4 Ba3 51. Kf1 Kg8 52. Nxe5 Rxe4 53. a7
1-0

[Event "Ste-Foy - Euwe"]
[Site "Ste-Foy CAN"]
[Date "2018.02.03"]
[Round "4"]
[White "Desbiens, Raphael"]
[Black "Sarra-Bournet, Marc"]
[Result "1-0"]
[WhiteElo "1978"]
[BlackElo "1851"]
[PlyCount "73"]
[EventDate "2018.01.13"]
[EventType "swiss"]
[EventRounds "5"]
[EventCountry "CAN"]

1. e4 e5 2. Nf3 Nc6 3. Bc4 Bc5 4. c3 Nf6 5. O-O O-O 6. d4 exd4 7. cxd4 Bb6 8.
e5 d5 9. Bb3 Ne4 10. h3 Bf5 11. Nc3 Nb4 12. Ne1 c5 13. dxc5 Bxc5 14. Nxd5 Ng3
15. Nxb4 Nxf1 16. Nbd3 Bxf2+ 17. Kxf2 Qh4+ 18. Kxf1 Rad8 19. Qf3 Be4 20. Qf4
Bxd3+ 21. Nxd3 Qh5 22. Nf2 Qg6 23. Ne4 Qa6+ 24. Kg1 Qd3 25. Nd6 Rd7 26. Be3 b6
27. Rd1 Qg6 28. Rf1 Re7 29. e6 f6 30. Nf5 Ree8 31. e7+ Rf7 32. Nd6 Rexe7 33.
Nxf7 Kf8 34. Qb8+ Re8 35. Qd6+ Re7 36. Bc5 bxc5 37. Re1 1-0

[Event "Ste-Foy - Euwe"]
[Site "Ste-Foy CAN"]
[Date "2018.02.03"]
[Round "4"]
[White "Laflamme, Simon"]
[Black "Lessard, Claude"]
[Result "0-1"]
[WhiteElo "1938"]
[BlackElo "2152"]
[PlyCount "56"]
[EventDate "2018.01.13"]
[EventType "swiss"]
[EventRounds "5"]
[EventCountry "CAN"]

1. d4 Nf6 2. c4 c5 3. d5 b5 4. f3 bxc4 5. e4 d6 6. Bxc4 g6 7. Ne2 Bg7 8. O-O
O-O 9. Nec3 Nbd7 10. a4 Ne5 11. Be2 Ne8 12. Na3 Rb8 13. Qc2 f5 14. Bd2 fxe4 15.
fxe4 Nf6 16. Nc4 Nxc4 17. Bxc4 Ng4 18. Nb5 Rxf1+ 19. Rxf1 a6 20. Nc3 Bd4+ 21.
Kh1 Nf2+ 22. Rxf2 Bxf2 23. Ne2 Qf8 24. Bc3 Bh4 25. e5 Qf1+ 26. Ng1 Qxc4 27.
exd6 exd6 28. Qd2 Qf1 0-1

[Event "Ste-Foy - Euwe"]
[Site "Ste-Foy CAN"]
[Date "2018.02.03"]
[Round "4"]
[White "Sauve, Richard"]
[Black "Cummins, Paul"]
[Result "1-0"]
[WhiteElo "1919"]
[BlackElo "1736"]
[PlyCount "71"]
[EventDate "2018.01.13"]
[EventType "swiss"]
[EventRounds "5"]
[EventCountry "CAN"]

1. d4 Nf6 2. c4 e6 3. Nc3 Bb4 4. Qc2 O-O 5. Bg5 h6 6. Bh4 b6 7. e3 Bb7 8. a3
Be7 9. f3 d5 10. Bd3 Nbd7 11. Nge2 dxc4 12. Bxc4 Nd5 13. Bf2 Bh4 14. Bxd5 Bxf2+
15. Kxf2 exd5 16. Rhe1 Nf6 17. Ng3 c6 18. Nce2 Re8 19. Nf4 Nh7 20. Rac1 Qh4 21.
Kg1 Rac8 22. Nf5 Qd8 23. Nh5 g6 24. Nxh6+ Kf8 25. Nf4 Kg7 26. Nxf7 Qf6 27. Ne5
Nf8 28. Qa4 a6 29. Qb3 b5 30. Nfd3 Ne6 31. Qc2 Rh8 32. Qf2 Ng5 33. Qg3 Nf7 34.
Nxf7 Kxf7 35. Ne5+ Kg7 36. Rc2 1-0

[Event "Ste-Foy - Euwe"]
[Site "Ste-Foy CAN"]
[Date "2018.02.10"]
[Round "5"]
[White "Bernatchez, Dan"]
[Black "Laflamme, Simon"]
[Result "0-1"]
[WhiteElo "1921"]
[BlackElo "1938"]
[PlyCount "48"]
[EventDate "2018.01.13"]
[EventType "swiss"]
[EventRounds "5"]
[EventCountry "CAN"]

1. d4 d5 2. Nf3 Nf6 3. g3 c6 4. Bg2 Bf5 5. c4 e6 6. O-O h6 7. b3 Nbd7 8. Bb2
Be7 9. Nc3 O-O 10. Nd2 a5 11. f3 e5 12. dxe5 Nxe5 13. cxd5 Nxd5 14. Nxd5 Qxd5
15. Bxe5 Qxe5 16. e4 Be6 17. Qe2 Rfd8 18. Kh1 Qb2 19. Rfd1 Bb4 20. Rab1 Qxa2
21. Ra1 Qb2 22. Rab1 Qc3 23. Nf1 Bxb3 24. Rdc1 Qd3 0-1

[Event "Ste-Foy - Euwe"]
[Site "Ste-Foy CAN"]
[Date "2018.02.10"]
[Round "5"]
[White "Chouinard, Etienne"]
[Black "Dube, Daniel"]
[Result "1/2-1/2"]
[WhiteElo "1906"]
[BlackElo "1916"]
[PlyCount "72"]
[EventDate "2018.01.13"]
[EventType "swiss"]
[EventRounds "5"]
[EventCountry "CAN"]

1. e4 c6 2. f4 d5 3. Nf3 e6 4. e5 c5 5. c3 Nh6 6. Bd3 c4 7. Bc2 Bc5 8. h3 Nc6
9. d4 cxd3 10. Bxd3 O-O 11. g4 f6 12. exf6 gxf6 13. Qc2 f5 14. g5 Nf7 15. h4 e5
16. fxe5 Nfxe5 17. Nxe5 Nxe5 18. Bf4 Qe7 19. Bxe5 Qxe5+ 20. Qe2 Qg3+ 21. Kd2
Bd7 22. Kc2 Rae8 23. Qh2 f4 24. Nd2 Qxd3+ 25. Kxd3 Bf5+ 26. Ne4 Bxe4+ 27. Kd2
Be3+ 28. Ke2 Bxh1 29. Qxh1 f3+ 30. Kd3 Bb6 31. Re1 Rxe1 32. Qxe1 f2 33. Qe6+
Rf7 34. Qe8+ Kg7 35. Qe5+ Kg8 36. Qe8+ Kg7 1/2-1/2

[Event "Ste-Foy - Euwe"]
[Site "Ste-Foy CAN"]
[Date "2018.02.10"]
[Round "5"]
[White "Fecteau, Martin"]
[Black "Desbiens, Raphael"]
[Result "0-1"]
[WhiteElo "1993"]
[BlackElo "1978"]
[PlyCount "68"]
[EventDate "2018.01.13"]
[EventType "swiss"]
[EventRounds "5"]
[EventCountry "CAN"]

1. d4 Nf6 2. c4 g6 3. g3 Bg7 4. Bg2 c6 5. Nf3 O-O 6. O-O d5 7. Nc3 dxc4 8. Ne5
Ng4 9. f4 Na6 10. a3 Nxe5 11. fxe5 c5 12. e3 Rb8 13. Ne2 Nc7 14. Bd2 Bg4 15.
Qe1 cxd4 16. Nxd4 Bxe5 17. Bc3 Bg7 18. h3 Bd7 19. Rd1 e5 20. Nf3 f6 21. Nd2 Qc8
22. Kh2 Be6 23. Ne4 Nd5 24. Nd6 Qc6 25. Bxd5 Bxd5 26. e4 Be6 27. Qf2 Rfd8 28.
Qxa7 Ra8 29. Qxb7 Rxd6 30. Qxa8+ Qxa8 31. Rxd6 Kf7 32. Bxe5 Qxe4 33. Bd4 Qe2+
34. Rf2 Qh5 0-1

[Event "Ste-Foy - Euwe"]
[Site "Ste-Foy CAN"]
[Date "2018.02.10"]
[Round "5"]
[White "Lessard, Claude"]
[Black "Sauve, Richard"]
[Result "1-0"]
[WhiteElo "2152"]
[BlackElo "1919"]
[PlyCount "61"]
[EventDate "2018.01.13"]
[EventType "swiss"]
[EventRounds "5"]
[EventCountry "CAN"]

1. d4 d5 2. e4 dxe4 3. Nc3 Nf6 4. f3 Bf5 5. fxe4 Nxe4 6. Nxe4 Bxe4 7. Nf3 e6 8.
Bd3 Bxd3 9. Qxd3 Nc6 10. O-O Be7 11. c3 Qd5 12. Bf4 O-O-O 13. b4 Bf6 14. b5 Na5
15. Nd2 e5 16. Bg3 exd4 17. c4 Qg5 18. Rae1 Rhe8 19. Ne4 Qg6 20. Qa3 b6 21.
Nxf6 gxf6 22. c5 f5 23. cxb6 axb6 24. Rxe8 Rxe8 25. Rc1 c5 26. Rxc5+ bxc5 27.
Qxc5+ Nc6 28. bxc6 f4 29. Qb6 Qd6 30. Qb7+ Kd8 31. Bh4+ 1-0

[Event "Ste-Foy - Euwe"]
[Site "Ste-Foy CAN"]
[Date "2018.02.10"]
[Round "5"]
[White "Sarra-Bournet, Marc"]
[Black "Gaudreau, Eric"]
[Result "1-0"]
[WhiteElo "1851"]
[BlackElo "1721"]
[PlyCount "63"]
[EventDate "2018.01.13"]
[EventType "swiss"]
[EventRounds "5"]
[EventCountry "CAN"]

1. e4 g6 2. d4 Bg7 3. Nf3 d6 4. Be2 a6 5. O-O Nd7 6. Nc3 b5 7. a4 b4 8. Nd5 a5
9. Bb5 Bb7 10. Bxd7+ Qxd7 11. c4 e6 12. Ne3 Bxe4 13. Ng5 Bb7 14. Re1 Nf6 15. d5
e5 16. f4 O-O 17. Qf3 exf4 18. Qxf4 Rae8 19. Qh4 h6 20. Nf3 Re4 21. Qf2 Rfe8
22. Bd2 Nh5 23. Rab1 Nf4 24. Qf1 c6 25. dxc6 Bxc6 26. b3 Qa7 27. c5 Qxc5 28.
Rbc1 Qb6 29. Kh1 Bb7 30. Nc4 Rxe1 31. Rxe1 Rxe1 32. Qxe1 1-0

[Event "Ste-Foy - Fischer"]
[Site "Ste-Foy CAN"]
[Date "2018.10.13"]
[Round "1"]
[White "Chouinard, Etienne"]
[Black "Gaudreau, Eric"]
[Result "1/2-1/2"]
[WhiteElo "1904"]
[BlackElo "1690"]
[PlyCount "107"]
[EventDate "2018.10.13"]
[EventType "swiss"]
[EventRounds "5"]
[EventCountry "CAN"]

1. d4 Nf6 2. Bg5 d5 3. Nd2 Bf5 4. e3 h6 5. Bh4 e6 6. h3 c5 7. c3 cxd4 8. exd4
Bd6 9. Ngf3 Qc7 10. Bxf6 gxf6 11. Nh4 Bg6 12. Nxg6 fxg6 13. Qg4 Qf7 14. Bb5+
Nc6 15. O-O-O h5 16. Qe2 O-O-O 17. Bxc6 bxc6 18. Rhe1 e5 19. Nb3 Qc7 20. f3
Rde8 21. Qd3 f5 22. dxe5 Bxe5 23. Re2 Bg3 24. Kb1 Kb8 25. Nc5 Ka8 26. Rdd2 Qd6
27. Nb3 Qc7 28. Rxe8+ Rxe8 29. Re2 Rxe2 30. Qxe2 Qe5 31. Qa6 Qe1+ 32. Kc2 Qf2+
33. Nd2 Kb8 34. Qxc6 Qxg2 35. Qxd5 Bf4 36. Qg8+ Kb7 37. Qf7+ Kb8 38. Qf8+ Kc7
39. Qc5+ Kd7 40. Qd4+ Bd6 41. Qxa7+ Ke6 42. Qe3+ Kf7 43. Qd4 Be7 44. Qd5+ Kg7
45. Kb3 Qxh3 46. Nc4 Qh4 47. a4 Qf6 48. a5 h4 49. Ne3 Kh6 50. Qd2 Qe6+ 51. Nd5+
Bg5 52. Qd4 Kh7 53. Qa7+ Kh6 54. Qd4 1/2-1/2

[Event "Ste-Foy - Fischer"]
[Site "Ste-Foy CAN"]
[Date "2018.10.13"]
[Round "1"]
[White "Desbiens, Raphael"]
[Black "Sauve, Richard"]
[Result "1-0"]
[WhiteElo "2207"]
[BlackElo "1842"]
[PlyCount "125"]
[EventDate "2018.10.13"]
[EventType "swiss"]
[EventRounds "5"]
[EventCountry "CAN"]

1. e4 e6 2. d4 d5 3. Nd2 Nf6 4. e5 Nfd7 5. Bd3 c5 6. c3 Nc6 7. Ne2 cxd4 8. cxd4
f6 9. exf6 Nxf6 10. Nf3 Bd6 11. O-O O-O 12. Bf4 Bxf4 13. Nxf4 Ne4 14. Qc1 Ng5
15. Nxg5 Qxg5 16. Ne2 Qf6 17. Qe3 e5 18. dxe5 Qxe5 19. Qc5 Bf5 20. Bxf5 Qxf5
21. Rad1 Rad8 22. Nd4 Nxd4 23. Qxd4 b6 24. Rd2 Rc8 25. Rfd1 Rfd8 26. h3 h6 27.
Qg4 Qxg4 28. hxg4 Rc5 29. f3 a5 30. a3 a4 31. Rd4 b5 32. Kf2 Kf7 33. Ke3 Ke6
34. Rb4 Kd6 35. Kd3 Re8 36. Rh1 Re6 37. g5 hxg5 38. Rg4 Re5 39. Rh5 Ke6 40.
Rhxg5 Rxg5 41. Rxg5 Kf6 42. Rg4 Rc7 43. Rb4 Rc5 44. Kd4 Rc2 45. g4 Kg5 46. Kxd5
Rf2 47. Ke4 Re2+ 48. Kd3 Rf2 49. Ke3 Rc2 50. Rxb5+ Kh4 51. Rb4 Kg3 52. g5 g6
53. Rg4+ Kh3 54. Rxa4 Rxb2 55. Kf4 Rc2 56. Re4 Rc3 57. Re3 Rc4+ 58. Ke5 Kg3 59.
Kf6 Rc6+ 60. Re6 Rc3 61. a4 Kxf3 62. Kxg6 Ra3 63. Kf7 1-0

[Event "Ste-Foy - Fischer"]
[Site "Ste-Foy CAN"]
[Date "2018.10.13"]
[Round "1"]
[White "Labrecque, Rejean"]
[Black "Sarra-Bournet, Marc"]
[Result "1-0"]
[WhiteElo "1658"]
[BlackElo "1872"]
[PlyCount "103"]
[EventDate "2018.10.13"]
[EventType "swiss"]
[EventRounds "5"]
[EventCountry "CAN"]

1. d4 d5 2. Nf3 Nf6 3. e3 e6 4. Bd3 c5 5. c3 Nc6 6. Nbd2 cxd4 7. exd4 Bd6 8.
O-O O-O 9. Re1 Qc7 10. Qc2 e5 11. dxe5 Nxe5 12. Nxe5 Bxe5 13. Nf3 Re8 14. Nxe5
Rxe5 15. Rxe5 Qxe5 16. Qe2 Qd6 17. f3 Bd7 18. Be3 Re8 19. Qf2 b6 20. Re1 g6 21.
Bd4 Nh5 22. Rxe8+ Bxe8 23. Qe3 Bd7 24. Qe5 Qxe5 25. Bxe5 b5 26. Kf2 f6 27. Bb8
a6 28. Ke3 Ng7 29. Kd4 Be6 30. Kc5 d4 31. cxd4 Bxa2 32. d5 Kf8 33. d6 Ne6+ 34.
Kb6 Ke8 35. Be4 Nd4 36. Kxa6 Kd7 37. Kb6 Bc4 38. b3 Bxb3 39. Kc5 Ne6+ 40. Kxb5
Nd8 41. Bc7 f5 42. Ba8 Bc2 43. Bxd8 Kxd8 44. Bc6 Bd3+ 45. Kc5 f4 46. g3 fxg3
47. hxg3 Be2 48. Kd4 h5 49. Ke5 Bc4 50. Kf4 Be6 51. Kg5 Bf5 52. Be4 1-0

[Event "Ste-Foy - Fischer"]
[Site "Ste-Foy CAN"]
[Date "2018.10.20"]
[Round "2"]
[White "Laflamme, Simon"]
[Black "Darveau, Michel"]
[Result "1-0"]
[WhiteElo "1935"]
[BlackElo "1390"]
[PlyCount "39"]
[EventDate "2018.10.13"]
[EventType "swiss"]
[EventRounds "5"]
[EventCountry "CAN"]

1. d4 d5 2. c4 c6 3. Nc3 Bf5 4. cxd5 cxd5 5. Qb3 Nc6 6. Nf3 e6 7. Bf4 Bb4 8. e3
a6 9. Be2 Nf6 10. O-O Bxc3 11. bxc3 h6 12. Qxb7 Na5 13. Qb4 Rb8 14. Bxb8 Nc6
15. Qa4 Qd7 16. Bg3 Ne4 17. Qa3 a5 18. Bb5 Nxg3 19. fxg3 Qc7 20. Ne5 1-0

[Event "Ste-Foy - Fischer"]
[Site "Ste-Foy CAN"]
[Date "2018.10.20"]
[Round "2"]
[White "Nafii, Adil"]
[Black "Chouinard, Etienne"]
[Result "0-1"]
[WhiteElo "1616"]
[BlackElo "1904"]
[PlyCount "66"]
[EventDate "2018.10.13"]
[EventType "swiss"]
[EventRounds "5"]
[EventCountry "CAN"]

1. d4 d5 2. c4 e6 3. Nc3 Nf6 4. Bg5 Nbd7 5. e3 c6 6. Nf3 Qa5 7. Bxf6 Nxf6 8.
Nd2 Bb4 9. Qc2 O-O 10. c5 Bd7 11. Bd3 Rae8 12. f4 h6 13. h3 Bxc3 14. bxc3 Qc7
15. Nf3 Bc8 16. g4 Nd7 17. h4 f6 18. Bh7+ Kh8 19. Bg6 Re7 20. g5 e5 21. gxf6
gxf6 22. dxe5 fxe5 23. f5 e4 24. Ng5 Qg3+ 25. Kd1 Ne5 26. Qd2 Bxf5 27. Bxf5
Rxf5 28. Qd4 Qg2 29. Re1 hxg5 30. hxg5 Rf1 31. Rc1 Rxe1+ 32. Kxe1 Kg8 33. Kd1
Nf3 0-1

[Event "Ste-Foy - Fischer"]
[Site "Ste-Foy CAN"]
[Date "2018.10.20"]
[Round "2"]
[White "Oliver, Vance"]
[Black "Rees, Thomas"]
[Result "1-0"]
[WhiteElo "1579"]
[BlackElo "1358"]
[PlyCount "88"]
[EventDate "2018.10.13"]
[EventType "swiss"]
[EventRounds "5"]
[EventCountry "CAN"]

1. e4 e5 2. Nf3 Nc6 3. Bb5 a6 4. Ba4 Nf6 5. O-O b5 6. Bb3 d6 7. c3 Na5 8. Bc2
c5 9. d4 cxd4 10. cxd4 Bg4 11. dxe5 Bxf3 12. Qxf3 dxe5 13. Nc3 Be7 14. Rd1 Qc7
15. Bg5 O-O 16. Rac1 Qc6 17. Nd5 Nxd5 18. exd5 Qd7 19. Bxe7 Qxe7 20. Qh3 g6 21.
d6 Qf6 22. Be4 Rad8 23. d7 Qe7 24. Rc8 f5 25. Bd5+ Kg7 26. Rxd8 Rxd8 27. b4
Qxb4 28. Qg3 f4 29. Qg4 Qe7 30. Be6 Kf6 31. h4 h6 32. h5 gxh5 33. Qf5+ Kg7 34.
Qxe5+ Qf6 35. Qc7 Nc4 36. Bxc4 bxc4 37. Qxc4 Qg5 38. Qe4 Kf7 39. Re1 Qg8 40.
Qxf4+ Kg6 41. Qg3+ Kf7 42. Qxg8+ Rxg8 43. Re5 Rd8 44. Rxh5 Rxd7 1-0

[Event "Ste-Foy - Fischer"]
[Site "Ste-Foy CAN"]
[Date "2018.10.20"]
[Round "2"]
[White "Sauve, Richard"]
[Black "Turcotte, Roger"]
[Result "1-0"]
[WhiteElo "1842"]
[BlackElo "1439"]
[PlyCount "61"]
[EventDate "2018.10.13"]
[EventType "swiss"]
[EventRounds "5"]
[EventCountry "CAN"]

1. d4 d5 2. c4 dxc4 3. Nf3 Nf6 4. e3 e6 5. Bxc4 c6 6. O-O Nbd7 7. Nc3 Nb6 8.
Bb3 Bb4 9. Qe2 O-O 10. Rd1 Nbd5 11. Bd2 Bxc3 12. bxc3 b5 13. c4 bxc4 14. Bxc4
Bb7 15. Rab1 Rb8 16. e4 Nb6 17. Ba5 Ba8 18. Ne5 Qc7 19. Nd3 Rfd8 20. Nc5 Qf4
21. Ba6 e5 22. g3 Qg4 23. Qxg4 Nxg4 24. h3 Nf6 25. dxe5 Ne8 26. Be2 Nc7 27. Bg4
Nb5 28. e6 Re8 29. Nd7 Rb7 30. Nc5 Nc4 31. Nxb7 1-0

[Event "Ste-Foy - Fischer"]
[Site "Ste-Foy CAN"]
[Date "2018.10.27"]
[Round "3"]
[White "Chouinard, Etienne"]
[Black "Labrecque, Rejean"]
[Result "0-1"]
[WhiteElo "1904"]
[BlackElo "1658"]
[PlyCount "106"]
[EventDate "2018.10.13"]
[EventType "swiss"]
[EventRounds "5"]
[EventCountry "CAN"]

1. d4 d5 2. e3 Nf6 3. Bd3 e6 4. f4 Ne4 5. Nf3 Nd7 6. Nbd2 f5 7. O-O Be7 8. Ne5
Nxe5 9. fxe5 O-O 10. Bxe4 fxe4 11. Nb3 b6 12. Bd2 Ba6 13. Rxf8+ Qxf8 14. Bc3
Qf5 15. Qe1 Rf8 16. Nd2 h5 17. a4 c5 18. a5 Bb5 19. axb6 axb6 20. Ra7 Bg5 21.
h4 Bd8 22. Qg3 g6 23. b3 Be2 24. Ra8 g5 25. hxg5 Qxg5 26. Qxg5+ Bxg5 27. Rxf8+
Kxf8 28. Kf2 Bd1 29. dxc5 bxc5 30. b4 c4 31. b5 Ke8 32. Ba5 Kd7 33. c3 Ba4 34.
Bb6 Bxb5 35. Bd4 Ke7 36. Nb1 Kf7 37. Nd2 Kg6 38. Nf1 h4 39. g4 Be7 40. Nh2 Kg5
41. Kg2 Ba4 42. Kh3 Bd1 43. Bb6 Be2 44. Bc7 Kg6 45. Bb6 Bg5 46. Bc5 Kf7 47. Kg2
Ke8 48. Kf2 Bd3 49. Ke1 Kd7 50. Kd2 Kc6 51. Bf8 Kd7 52. Bc5 Be7 53. Bd4 h3 0-1

[Event "Ste-Foy - Fischer"]
[Site "Ste-Foy CAN"]
[Date "2018.10.27"]
[Round "3"]
[White "Fecteau, Martin"]
[Black "Desbiens, Raphael"]
[Result "0-1"]
[WhiteElo "1900"]
[BlackElo "2207"]
[PlyCount "176"]
[EventDate "2018.10.13"]
[EventType "swiss"]
[EventRounds "5"]
[EventCountry "CAN"]

1. d4 Nf6 2. c4 g6 3. g3 c6 4. Bg2 d5 5. Nf3 Bg7 6. O-O O-O 7. Qb3 dxc4 8. Qxc4
Na6 9. Nc3 Be6 10. Qa4 Nc7 11. Ng5 Bd7 12. Qb3 h6 13. Nf3 Qc8 14. Rd1 Be6 15.
Qc2 Bh3 16. Bf4 Bxg2 17. Kxg2 Nd7 18. e4 Ne6 19. Be3 Nb6 20. Ne2 Rd8 21. Rac1
Qd7 22. a4 Qe8 23. a5 Nc8 24. e5 Nc7 25. Nc3 a6 26. Qb3 Rb8 27. d5 Nxd5 28.
Nxd5 Rxd5 29. Rxd5 cxd5 30. Qxd5 e6 31. Qd2 h5 32. Rc7 Ne7 33. Qd7 Qxd7 34.
Rxd7 Nc6 35. Bb6 Kf8 36. Bc7 Ke8 37. Rd3 Rc8 38. Bb6 Nxe5 39. Nxe5 Bxe5 40. Rb3
Rc2 41. Rd3 Rxb2 42. Rd8+ Ke7 43. Ra8 Rd2 44. Ra7 Rd7 45. f4 Bc3 46. Kf3 Kd6
47. Ra8 e5 48. Ke4 exf4 49. gxf4 Bf6 50. Rc8 Ke6 51. Re8+ Be7 52. Rc8 f5+ 53.
Ke3 Bb4 54. Rb8 Bd2+ 55. Kf3 g5 56. fxg5 Bxg5 57. Re8+ Kf7 58. Rb8 Bd2 59. Ke2
Bf4 60. Rh8 Kg6 61. h3 Bc7 62. Bxc7 Rxc7 63. Rb8 Kg5 64. Kf3 Rc3+ 65. Kg2 Rb3
66. Rc8 h4 67. Rc7 Rb4 68. Kf3 Kf6 69. Rc3 Rb5 70. Rc7 Rxa5 71. Rxb7 Ra1 72.
Kf4 Rf1+ 73. Ke3 a5 74. Rb5 a4 75. Ra5 Ra1 76. Kf4 Rf1+ 77. Ke3 Ra1 78. Kf4 a3
79. Rxf5+ Ke6 80. Re5+ Kd6 81. Re2 a2 82. Ke4 Kc5 83. Ke3 Kd5 84. Rd2+ Ke5 85.
Re2 Kd5 86. Rd2+ Kc4 87. Re2 Kb3 88. Rxa2 Kxa2 0-1

[Event "Ste-Foy - Fischer"]
[Site "Ste-Foy CAN"]
[Date "2018.10.27"]
[Round "3"]
[White "Fleury, Dominic"]
[Black "Poliquin, Yvon"]
[Result "0-1"]
[WhiteElo "1365"]
[BlackElo "1926"]
[PlyCount "78"]
[EventDate "2018.10.13"]
[EventType "swiss"]
[EventRounds "5"]
[EventCountry "CAN"]

1. e4 c5 2. Nf3 Nc6 3. Bc4 g6 4. c3 Bg7 5. d4 cxd4 6. cxd4 d6 7. h3 Qb6 8. Be3
Qxb2 9. Nbd2 Qa3 10. O-O a6 11. Ng5 Nh6 12. Qf3 O-O 13. Rab1 Nxd4 14. Bxd4 Qxf3
15. Ndxf3 Bxd4 16. Nxd4 b5 17. Bd5 Ra7 18. f4 e6 19. Bc6 Kg7 20. a4 bxa4 21.
Bxa4 Ng8 22. Nc6 Rc7 23. Rfd1 h6 24. Nf3 Nf6 25. e5 dxe5 26. Nfxe5 Nd5 27. Rd4
Nc3 28. Rdb4 Nxb1 29. Rxb1 f6 30. Nd3 Bd7 31. Nd4 Kf7 32. Rb6 Bxa4 33. Nxe6 Rc6
34. Rxc6 Bxc6 35. Nec5 a5 36. Kf2 Bb5 37. Nb2 Re8 38. Nb7 Re2+ 39. Kf3 Rxb2 0-1

[Event "Ste-Foy - Fischer"]
[Site "Ste-Foy CAN"]
[Date "2018.10.27"]
[Round "3"]
[White "Oliver, Vance"]
[Black "Laflamme, Simon"]
[Result "0-1"]
[WhiteElo "1579"]
[BlackElo "1935"]
[PlyCount "60"]
[EventDate "2018.10.13"]
[EventType "swiss"]
[EventRounds "5"]
[EventCountry "CAN"]

1. Nf3 Nf6 2. g3 c5 3. Bg2 Nc6 4. d3 e5 5. e4 d5 6. Nbd2 Be7 7. O-O O-O 8. Re1
dxe4 9. dxe4 Bg4 10. c3 Qc7 11. Qc2 Rfd8 12. Nf1 h6 13. Ne3 Be6 14. Nh4 c4 15.
Nef5 Bc5 16. Be3 Bxe3 17. Nxe3 Rd7 18. Rad1 Rad8 19. Nhf5 Qa5 20. Rxd7 Rxd7 21.
Qc1 Qxa2 22. Nd5 Nxd5 23. exd5 Bxd5 24. Qd2 Be6 25. Nxh6+ gxh6 26. Qxh6 Qxb2
27. Be4 f6 28. Qxf6 Rf7 29. Qxe6 Qxf2+ 30. Kh1 Qxe1+ 0-1